=LDR 00000nam 2200000 4500 =001 INLIS000000001054914 =005 20260422100712 =035 ##$$a 0010-0426000162 =007 ta =008 260422################g##########0#ind## =020 ##$$a 978-602-6727-23-7 =082 ##$$a 959.865 21 =084 ##$$a 959.865 21 YUL s =100 #$$a Yuli Andari Merdikaningtyas =245 1#$$a Soembawa 1900-1950 : $b arsip foto sebagai sumber penulisan sejarah lokal /$c Yuli Andari Merdikaningtyas =250 ##$$a Cet. 1 =260 ##$$a Sumbawa :$b CV. Esa Media Tama,$c 2017 =300 ##$$a 120 hlm. : $b ilus ; $c 20 cm =500 ##$$a Biografi: hlm. 117-118 =650 #4$$a Sumbawa-sejarah =504 ##$$a Bibliografi: hlm. 114-116 =990 ##$$a 21132113 =990 ##$$a 308/55/2026